|
|
|
|
| LEADER |
00000nam0a2200000 4500 |
| 001 |
260536 |
| 005 |
20260421153544.0 |
| 035 |
|
|
|a (RuTPU)RU\TPU\book\283488
|
| 090 |
|
|
|a 260536
|
| 100 |
|
|
|a 20140516d2014 m y0rusy50 ca
|
| 101 |
0 |
|
|a eng
|
| 102 |
|
|
|a RU
|
| 105 |
|
|
|a a j 001zy
|
| 200 |
1 |
|
|a Material cutting and cutting tools
|d Резание материалов и режущий инструмент
|e study aid
|f S. V. Kirsanov
|g Polytechnische Universitat Tomsk
|
| 210 |
|
|
|a Tomsk
|c Tomsk Polytechnic University Publishing House
|d 2014
|
| 215 |
|
|
|a 195 p.
|c il.
|
| 320 |
|
|
|a Bibliography: p. 194-195
|
| 330 |
|
|
|a The subject of this book is the machining processes. The general information about the cutting of materials, chip formation, complex cutting patterns, heat, strength, wear resistance, tool life, machinability of materials and features of the process of cutting with multiple point cutting tools and grinding tools is given in the first part. Questions of calculation and optimization of design and geometrical parameters of the common types of cutting tools, with respect to the cutting conditions, properties of cutting tool and workpiece materials, as well as the requirements for dimensional accuracy and surface finish, are examined in the second part of the book. The book is recommended for English-speaking students following the Bachelor Degree Program in Mechanical Engineering at Tomsk Polytechnic University.
|
| 452 |
|
1 |
|0 (RuTPU)RU\TPU\book\290675
|t Резание материалов и режущий инструмент
|l Material cutting and cutting tools
|o учебное пособие
|f С. В. Кирсанов
|g Национальный исследовательский Томский политехнический университет (ТПУ), Институт кибернетики (ИК), Кафедра технологии автоматизированного машиностроительного производства (ТАМП)
|c Томск
|n Изд-во ТПУ
|d 2014
|a Кирсанов, Сергей Васильевич
|
| 510 |
1 |
|
|a Резание материалов и режущий инструмент
|z rus
|
| 606 |
1 |
|
|a Резание материалов
|2 stltpush
|3 (RuTPU)RU\TPU\subj\24497
|9 48835
|
| 610 |
1 |
|
|a материалы
|
| 610 |
1 |
|
|a металлы
|
| 610 |
1 |
|
|a металлообработка
|
| 610 |
1 |
|
|a режущий инструмент
|
| 610 |
1 |
|
|a отверстия
|
| 610 |
1 |
|
|a металлорежущие инструменты
|
| 610 |
1 |
|
|a английский язык
|
| 610 |
1 |
|
|a учебные пособия
|
| 610 |
1 |
|
|a труды учёных ТПУ
|
| 675 |
|
|
|a 621.91(075.8)
|v 3
|
| 700 |
|
1 |
|a Kirsanov
|b S. V.
|c specialist in the field of mechanical engineering
|c Professor of Tomsk Polytechnic University, Doctor of technical sciences
|f 1949-
|g Sergey Vasilyevich
|3 (RuTPU)RU\TPU\pers\32935
|9 16783
|
| 712 |
0 |
2 |
|a Polytechnische Universitat Tomsk
|3 (RuTPU)RU\TPU\col\15945
|9 26313
|
| 801 |
|
1 |
|a RU
|b 63413507
|c 20140516
|
| 801 |
|
2 |
|a RU
|b 63413507
|c 20181210
|g RCR
|
| 942 |
|
|
|c BK
|